Erfolgreichste Länder in Fußball-WMs A-Z - Statistiken

Allgemein
  • Dieses Quiz wurde 281 mal gespielt
  • Das Durchschnittsergebnis liegt bei 17 aus 21
Antwortstatistiken
# Ergebnis Land % Korrekt
B Weltmeister (5x) Brasilien
99%
D Weltmeister (4x) Deutschland
99%
F Weltmeister (2x) Frankreich
99%
A Weltmeister (3x) Argentinien
98%
E Weltmeister (1x) England
97%
I Weltmeister (4x) Italien
95%
S Weltmeister (1x) Spanien
91%
C 3. Platz (1x) Chile
90%
N Vize-Weltmeister (3x) Niederlande
90%
U Weltmeister (2x) Uruguay
89%
R Viertelfinale (1x) Rumänien | Russland
85%
H Gruppenphase (3x) Honduras
81%
K Vize-Weltmeister (1x) Kroatien
80%
P 3. Platz (2x) Polen
74%
O 3. Platz (1x) Österreich
64%
G Viertelfinale (1x) Ghana
62%
J 4. Platz (2x) Jugoslawien
57%
M 4. Platz (1x) Marokko
57%
V 3. Platz (1x) Vereinigte Staaten
57%
W Viertelfinale (1x) Wales
51%
T Vize-Weltmeister (2x) Tschechoslowakei
39%
Keine übereinstimmenden Quizze gefunden
Verteilung der Resultate
Anzahl Personen mit jedem Resultat
Perzentil nach korrekt beantworteten Fragen
Ihre Resultats-Entwicklung
Sie haben dieses Quiz noch nicht gespielt